LEADER 01192nam a2200241 i 4500 001 000000172699 003 CaOOAMICUS 005 20081103000000.0 008 081103s1971 it u000 u ita u 013 $a150142 040 $aSeMil$bita 245 10$aOrientamenti e norme per la formazione al ministero sacerdotale in Italia /$cConferenza Episcopale Italiana : Commissione per l'Educazione Cattolica. 260 $aRoma :$b[s.n.],$cstampa 1971$e(Verona :$fTipografia Nigrizia,$gstampa 1971) 300 $aXXXVII, 197 p. ;$c25 cm. 500 $aContiene : Appendice. - Fondo card. Giovanni Colombo. 650 4$aChiesa cattolica - Clero - Formazione - Magistero.$0(OLS)http://semarc/subject/19816 710 0 $aConferenza Episcopale Italiana : Commissione Episcopale per l'Educazione Cattolica.$0(OLS)http://semarc/name/64551 850 $aSeMil 852 $aSeMil$W1$xVenegono$y1$m3G VI 39$j123553$B123553$CSeMilBibl$Z2$F138086 $81 941 1 $a3 961 $aLascito: Colombo Card. Giovanni 996 $6245$aOrientamenti e norme per la formazione al ministero sacerdotale in Italia$9(OLS)http://semarc/title/247363 996 $6260$aRoma :$b[s.n.]$9(OLS)http://semarc/publisher/29738 LEADER 00815nam a2200205 i 4500 001 000000212908 003 CaOOAMICUS 005 20120503000000.0 008 120503s1827 fr u000 u fre u 013 $a191758 026 $ateui t:ue reue doqu (3) 1827 (A) 040 $aSeMil$bita 245 10$aTome 3. 300 $a290 p. 490 0 $aBibliothèque française 773 0 $aRabutin-Chantal, Marie : de $tLettres de Madame de Sévigné à sa fille et à ses amis.$dA Paris : Chez Ménard et Desenne, 1827.$kBibliothèque française$g3$w()26689 830 0$aBibliothèque française.$0(OLS)http://semarc/title/36045 850 $aSeMil 852 $aSeMil$W1$xVenegono$y1$m1V I 19 FA$j163338$B163338$CSeMilBibl$Z2$F174443 $8I 996 $6245$aTome 3$9(OLS)http://semarc/title/1575